=LDR 00000nam 2200000 4500 =001 INLIS000000000000683 =005 20130612085122 =008 ***********************************Ind** =035 ##$$0010-061300000000683 =041 ##$$a Ind =082 ##$$a 92(Brouwer) =090 ##$$a 92(Brouwer), Sid-m =100 ##$$a Sidharta, Myra =245 ##$$a MAW Brouwer, antara dua tanah air, perjalanan seorang pastor, Myra Sidharta =260 ##$$a 1994 $b Jakarta =300 ##$$a ix, 162 hlm, ilus, 21 cm =650 ##$$a Brouwer, MAW, 1923-1991 =850 ##$$a NBPNMAT